Composición de la población mundial
-д хадгалсан:
| Үндсэн зохиолч: | |
|---|---|
| Формат: | Ном |
| Хэл сонгох: | испани |
| Хэвлэсэн: |
Cincel.
1983.
|
| Нөхцлүүд: | |
| Шошгууд: |
Шошго нэмэх
Шошго байхгүй, Энэхүү баримтыг шошголох эхний хүн болох!
|
MARC
| LEADER | 00000nam a22000005a 4500 | ||
|---|---|---|---|
| 001 | 2974 | ||
| 003 | CL-ChBUA | ||
| 005 | 20120815102815.0 | ||
| 008 | 070301s1983 sp 000 0dspa | ||
| 020 | |a 8470462997 | ||
| 040 | |a CL-ChBUA |c CL-ChBUA | ||
| 082 | 0 | 0 | |a 304.6 |
| 090 | |c 2974 |d 2974 | ||
| 100 | 1 | |a González Muñoz, Carmen. | |
| 245 | 1 | 0 | |a Composición de la población mundial |
| 260 | |b Cincel. |c 1983. | ||
| 300 | |a 134 p. |a mapas |c 21 cm. | ||
| 504 | |a Bibl., glosario. | ||
| 650 | 4 | |a GEOGRAFIA HUMANA. | |
| 650 | 4 | |a DEMOGRAFIA. | |
| 942 | |c LIB | ||
| 952 | |0 0 |1 0 |4 0 |7 0 |9 4412 |a UNACH |b UNACH |c 300 |d 2007-03-05 |i 19.915. |l 2 |o 304.6 / G 643. |p 5411 |r 2018-04-10 00:00:00 |s 2018-04-09 |u 4412 |w 2012-08-08 |y LIB |k 304.6 / G 643. | ||
| 999 | |c 2974 |d 2974 | ||